000 01570nam0a22003371 4500
001 rc\167467
005 20250620214933.0
010 _a5-235-02197-5
_bМол. гвардия
035 _a(NLR Aleph) 005431039
090 _a7577668
_c7577668
100 _a20030307d1993 |||y0rusy50 ca
101 0 _arus
102 _aRU
105 _ay |||||||||
200 1 _aДневник Пушкина
_eПоэма
_e[Сборник
_fЛев Кондырев]
210 _aМ.
_cРМТК "Москва"
_d1993
215 _a364, [19] с.
_d15
300 _aАвт. указан. на контртитуле
327 1 _aСодерж.: Стихотворения: Циклы: Силуэты; Чудо на Нерли; Меньшие братья; "Броккенский призрак"; Дневник Пушкина: Поэма; София Андреевна: Маленькая поэма
464 0 _12001#$aСилуэты
_tСилуэты
464 0 _12001#$aЧудо на Нерли
_tЧудо на Нерли
464 0 _12001#$aМеньшие братья
_tМеньшие братья
464 0 _12001#$aˆ"‰Броккенский призрак"
_tˆ"‰Броккенский призрак"
464 0 _12001#$aДневник Пушкина
_tДневник Пушкина
464 0 _12001#$aСофия Андреевна
_tСофия Андреевна
700 1 _aКондырев
_bЛ. Н.
_f1910-2002
_gЛев Николаевич
801 0 _aRU
_bNLR
_gpsbo
801 1 _aRU
_bELAR
_2rusmarc
852 _aNLR
_j92-1/338
942 _cBOOK
980 _aNB